Movies Quiz

Random Movies or Disney Quiz
Score 0/75 Timer 10:00
0 Plays Today
Hint Answer % Correct
Colours of the WindPocahontas
95.6%
Let it GoFrozen
95.4%
Circle of LifeThe Lion King
94.1%
ReflectionMulan
94%
Be Our GuestBeauty and the Beast
92.2%
Do You Want to Build a Snowman?Frozen
91.7%
A Dream is a Wish Your Heart MakesCinderella
91.7%
Arabian NightsAladdin
91.5%
Mother Knows BestTangled
89.8%
Zero to HeroHercules
89.6%
Part of Your WorldThe Little Mermaid
89.6%
GastonBeauty and the Beast
89.5%
Can You Feel the Love Tonight?The Lion King
88.7%
Bibbidi-Bobbidi-BooCinderella
88.7%
Hakuna MatataThe Lion King
88.6%
Hail to the Princess AuroraSleeping Beauty
88.5%
Once Upon a DreamSleeping Beauty
88.4%
A Whole New WorldAladdin
87.9%
I Just Can't Wait to be KingThe Lion King
87.3%
Under the SeaThe Little Mermaid
87%
BelleBeauty and the Beast
86.9%
For the First Time in ForeverFrozen
86.6%
Just Around the River BendPocahontas
86.5%
Prince AliAladdin
85.9%
Everybody Wants to Be a CatThe Aristocats
85.6%
Poor Unfortunate SoulsThe Little Mermaid
85.5%
When I See an Elephant FlyDumbo
85.3%
You Can Fly!Peter Pan
84.8%
Some Day My Prince Will ComeSnow White and the Seven Dwarfs
84.2%
When You Wish Upon a StarPinocchio
83.8%
A Girl Worth Fighting ForMulan
82.7%
You'll Be in My HeartTarzan
82.7%
I'll Make a Man Out of YouMulan
82.3%
Kiss the GirlThe Little Mermaid
81.7%
The Gospel TruthHercules
80.9%
Fixer-UpperFrozen
80.9%
Honour to us allMulan
80.9%
Down in New OrleansThe Princess and the Frog
79.7%
Hint Answer % Correct
I've Got No StringsPinocchio
79.5%
When Will My Life BeginTangled
79.3%
Friend Like MeAladdin
79%
Whistle While You WorkSnow White and the Seven Dwarfs
78.7%
I Won't Say I'm in LoveHercules
78.2%
God Help the OutcastsThe Hunchback of Notre Dame
77.7%
Be PreparedThe Lion King
77.7%
SavagesPocahontas
76.8%
Go the DistanceHercules
76.6%
Cruella De VilOne Hundred and One Dalmatians
76.4%
Almost ThereThe Princess and the Frog
75.6%
I Have a DreamTangled
74.3%
I See the LightTangled
73.2%
The Unbirthday SongAlice in Wonderland
73%
Something ThereBeauty and the Beast
72.4%
Bella NotteLady and the Tramp
71%
I'm Wishing/One SongSnow White and the Seven Dwarfs
70.8%
Not In NottinghamRobin Hood
68.3%
Baby MineDumbo
68.1%
Son of ManTarzan
66.5%
The Phony King of EnglandRobin Hood
66.4%
Strangers Like MeTarzan
66.4%
Sing, Sweet NightingaleCinderella
65.5%
Steady as the Beating DrumPocahontas
65%
The Virginia CompanyPocahontas
55.8%
Heaven's Light/HellfireThe Hunchback of Notre Dame
55.3%
What Made the Red Man Red?Peter Pan
50.8%
Give A Little WhistlePinocchio
50.3%
The Court of MiraclesThe Hunchback of Notre Dame
49.8%
Out ThereThe Hunchback of Notre Dame
48.9%
All in the Golden AfternoonAlice in Wonderland
44.2%
Listen With Your HeartPocahontas
41.7%
With a Smile and a SongSnow White and the Seven Dwarfs
41.2%
I WonderSleeping Beauty
39.2%
Very Good AdviceAlice in Wonderland
36.6%
The Silly SongSnow White and the Seven Dwarfs
32.5%
LoveRobin Hood
29.1%
Remove Ads.
Support Sporcle.
Get the best of Sporcle when you Go Orange. This ad-free experience offers more features, more stats, and more fun while also helping to support Sporcle. Thank you for becoming a member.

You're not logged in!

Compare scores with friends on all Sporcle quizzes.
OR
Log In

Show Comments

Extras

Top Quizzes Today


Score Distribution

Your Account Isn't Verified!

In order to create a playlist on Sporcle, you need to verify the email address you used during registration. Go to your Sporcle Settings to finish the process.

Report this User

Report this user for behavior that violates our Community Guidelines.

Details: